000 00440nam a2200169Ia 4500
005 20240823064200.0
008 240823s9999||||xx |||||||||||||| ||und||
041 _aENGLISH
082 _A150.15195 P8
100 _a"Howitt, Dennis"
245 0 _aIntroduction to Statistics in Psychology
260 _c2016
_bPearson Education Internat
500 _aYES
650 _aStatistics
_bGeneral
700 _a" Cramer, Duncan"
942 _cNB
999 _c240097
_d240097